02580cam a22011534i 4500003000900000005001700009008004100026020001500067020001800082035002000100040003300120082002000153100004600173245010700219250002300326264005800349300003900407336002100446337002500467338002300492490002500515504003900540505016200579526000900741526000900750526000900759526000900768526000900777526000900786526000900795526000900804526000900813526000900822526000900831526000900840526000900849526000900858526000900867526000900876526000900885526000900894526000900903526000900912526000900921526000900930526000900939526000900948526000900957526000900966526000900975526000900984526000900993526000901002526000901011526000901020526000901029526000901038526000901047526000901056526000901065526000801074526000801082526000801090526000801098526000801106526000801114526000801122526000801130526000801138526000801146526000801154526000801162526000801170526000801178526000801186526000801194526000801202526000801210526000801218526000801226526000801234526000801242526000801250526000801258526000801266526000801274526000801282526000801290526000801298526000801306526000801314526000801322526000801330526000801338526000801346541001601354650003201370650002401402PE-LiUPU20250813185420.0180605s2016    ck 0     b    000 0 spa d  a9587725883  a9789587725889  a(Sirsi) a248796  aPE-LiUPUbspacPE-LiUPUerda  a341.59bV492221 aÁlvarez Contreras, Juan Miguel,eautor.14aLos remedios por incumplimiento en la contratación internacional /cJuan Miguel Álvarez Contreras.  aPrimera edición.  aBogotá :bUniversidad Externado de Colombia,c2016.  a523 páginas ;c24 centímetros.  atext2rdacontent  aunmediated2rdamedia  avolume2rdacarrier0 aTesis de grado ;v77  aBibliografía: páginas 471-523.  aEl derecho internacional de los contratos -- Cumplimiento especifico -- Resolución del contrato -- Indemnización de perjuicios -- Reducción del precio.  aP202  aP201  aP163  aP162  aP161  aP160  aP148  aP147  aP146  aP145  aP144  aP143  aP142  aP141  aP140  aP139  aP138  aP137  aP136  aP135  aP134  aP133  aP129  aP128  aP127  aP120  aP119  aP118  aP116  aP115  aP114  aP110  aP109  aP108  aP104  aP103  aP102  aP99  aP98  aP97  aP96  aP95  aP93  aP90  aP89  aP88  aP83  aP82  aP62  aP59  aP58  aP57  aP51  aP49  aP48  aP47  aP29  aP24  aP20  aP19  aP17  aP15  aP14  aP12  aP10  aP09  aP08  aP07  aP06  aP05  aP04  aP01  g001-003587; 4aIncumplimiento de contrato. 4aBreach of contract.